| 000 | 01056cam a22003135a 4500 | ||
|---|---|---|---|
| 001 | 18331917 | ||
| 005 | 20161018151444.0 | ||
| 008 | 141010t2015 flua frb 001 0 eng d | ||
| 010 | _a 2014039562 | ||
| 020 | _a9781482257373 (hbk. : alk. paper) | ||
| 040 |
_aDLC _beng _cDLC _dDLC _dEG-ScBUE |
||
| 082 | 0 | 4 |
_a006.6 _bWAR _222 |
| 100 | 1 |
_aWard, Matthew, _d1955- |
|
| 245 | 1 | 0 |
_aInteractive data visualization : _bfoundations, techniques, and applications / _cMatthew Ward, Georges Grinstein, Daniel Keim. |
| 250 | _a2nd ed. | ||
| 260 |
_aBoca Raton : _bCRC Press / Taylor & Francis Group, _cc.2015. |
||
| 300 |
_axix, 558 p. : _bill. (some col.) ; _c25 cm. |
||
| 500 | _a"An A K Peters book." | ||
| 500 | _aIndex : p. 549-558. | ||
| 504 | _aIncludes bibliographical references. | ||
| 650 | 0 |
_aInformation visualization. _2BUEsh |
|
| 650 | 0 |
_aComputer graphics. _2BUEsh |
|
| 650 | 0 |
_aImage processing. _2BUEsh |
|
| 651 | _2BUEsh | ||
| 653 |
_bCOMSCI _cOctober2016 |
||
| 700 | 1 | _aGrinstein, Georges G. | |
| 700 | 1 | _aKeim, Daniel. | |
| 942 | _2ddc | ||
| 999 |
_c22693 _d22665 |
||